LEADER 01451nam a2200337 a 4500 001 000000168252 003 CaOOAMICUS 005 20180614111759.0 008 180614s2017 it u000 u ita r 020 $a978-88-311-4958-7* 032 $aLibriCat 040 $aPUL$bita 082 04$a264 245 02$aL'anno liturgico :$banno della misericordia del Signore /$cPietro Sorci (ed.) 260 $aRoma :$bCittà Nuova,$c©2017$a[Palermo] :$bFacoltà teologia di Sicilia 300 $a337 p. ;$c21 cm. 490 1 $aHo theológos ;$v09 504 $aBibliografia in nota. 610 24$aChiesa cattolica$xLiturgia.$0(OLS)http://pul/subject/10100 650 4$aLiturgia$xStudi.$0(OLS)http://pul/subject/13193 700 1 $aSorci, Pietro.$0(OLS)http://pul/name/63368 830 0$aHo theológos (Città Nuova) ;$v09.$0(OLS)http://pul/title/174244 850 $aPUL 852 $aPUL$W1$xSL Religione 3$y85$m264 SORPI 2$j191788$qDDC 21$B196134$CPULBib$Z2$F196134 $H130992 $81 941 1 $a9 996 $6020$a978-88-311-4958-7*$9(OLS)http://pul/number/164343 996 $6082$a264$9(OLS)http://pul/classification/492 996 $6245$aL'anno liturgico :$banno della misericordia del Signore$9(OLS)http://pul/title/208515 996 $6260$aRoma :$bCittà Nuova$9(OLS)http://pul/publisher/47927 996 $6260$a[Palermo] :$bFacoltà teologia di Sicilia$9(OLS)http://pul/publisher/82641 LEADER 01442nam a2200349 u 4500 001 000000062995 003 CaOOAMICUS 005 20070226121209.0 008 011016s1995 it u000 u ita u 020 $a8817116688 035 $a10906582 040 $aPUL(R)$bita 041 1 $aita$hfre 100 1 $aEliade, Mircea,$d1907-1986.$0(OLS)http://pul/name/1652 240 10$aYoga, immortalité et liberté.$lItaliano.$0(OLS)http://pul/title/84026 245 13$aLo yoga :$bimmortalità e libertà /$cMircea Eliade ; a cura di Furio Jesi ; traduzione di Giorgio Pagliaro. 260 $aMilano :$bBiblioteca Universale Rizzoli,$c1995. 300 $a429 p. ;$c20 cm 490 1 $aSupersaggi 500 $aComprende indici. 504 $aBibliografia: p. [341-405]. 650 4$aYoga.$0(OLS)http://pul/subject/18989 700 1 $aPagliaro, Giorgio.$0(OLS)http://pul/name/42827 700 1 $aJesi, Furio,$d1941-$0(OLS)http://pul/name/25330 830 0$aBUR Supersaggi.$0(OLS)http://pul/title/59908 850 $aPUL 852 $aPUL$W1$xSL Religione 1$y3$m70 A 105$j81797$nBK-PRI$b $qStampati$B81797$CPULBib$Z2$F81797 $H $81 941 1 $a8 961 $aINV: 74630 996 $6020$a8817116688$9(OLS)http://pul/number/81750 996 $6245$aLo yoga :$bimmortalità e libertà$9(OLS)http://pul/title/84027 996 $6260$aMilano :$bBiblioteca Universale Rizzoli$9(OLS)http://pul/publisher/61121